000 00444nam a22001217a 4500
082 _a370.71
_b Sa5t
100 1 _aSan Gabriel, Rosa A.
245 4 _aThe Teacher education program of Rizal Polytechnic College : as assessed by the graduates
260 _aMorong,Rizal
_b[publisher not identified]
_c2001
300 _a120 leaves :
_billustrations ; 28 cm. Thesis(M.Ed.)--Tomas Claudio Memorial College.
650 _aTeacher education.
942 _cT
999 _c15654
_d15654